00835cam a2200253 a 450000100060000000300080000600500170001400800410003102000220007203500190009404000320011304100080014508200260015310000290017924500440020826000400025230000340029249000220032650000670034850400680041565000520048365000230053583000230055853753BD-RjUL20211209080021.0210309s1977 -uka b 001 0 eng d a0333223748 (hard) a(BD-RjUL)53875 aFEMcFEMdOCLdBD-RjULbeng aeng04a759.955bGRP 19772231 aGray, Basil,d1904-1989.10aPersian painting /ctext by Basil Gray. aLondon :bMacmillan London,cc1977. a189, [3] p. :bill. ;c28 cm.1 aTreasures of Asia aOriginally published: Geneva, Switzerland: Albert Skira, 1961. aIncludes bibliographical references (p. 173-[174]) and indexes. 0aIllumination of books and manuscripts, Iranian. 0aPainting, Iranian. 0aTreasures of Asia.